000 00762nam a2200205Ia 4500
003 GCL
008 140319s9999 xx 000 0 ara d
040 _aGCL /
_cGCL
082 0 4 _a214.3
_bا ا
100 1 _aايفون يزبك حداد
245 1 0 _aالاسلام والجنوسة والتغير الاجتماعى /
_cايفون يزبك حداد
260 _aالاردن :
_bالاهلية للنشر والتوزيع ،
_c2003
300 _a438 ص ؛
_c24 سم
650 0 4 _aالاسلام والمجتمع
650 0 4 _aالاسلام والاصلاح الاجتماعى
650 0 4 _aالثقافة الاسلامية
650 0 4 _aالاسلام والاصلاح السياسى
650 0 4 _aالمرأة فى الاسلام
942 _2ddc
_cBK
999 _c5825
_d5825